01371nab a22002537a 4500003000400000005001700004008004100021040000700062100002300069245006400092260007300156300001500229500007500244505042100319505008900740650002900829650002600858650001900884650001200903650002500915650001400940650002700954773013600981OSt20260131195153.0190603e xxum|||| |||| 00| 0 spa d cPJ aSchiavo, Carlos A.10aExclusiones de cobertura y causalidad /cCarlos A. Schiavo. cCiudad Autónoma de Buenos Aires :aThomson Reuters La Ley, b2025. ap. 104-118 aCita: TR LALEY AR/DOC/2868/2025 Publicado en: RCCyC 2025 (Diciembre). aSumario: I. Introducción.— II. El seguro como contrato aleatorio.— III. La probabilidad constitutiva del alea y el riesgo como objeto asegurado en el contrato.— IV. De las llamadas exclusiones.— V. De las cargas y caducidades.— VI. Análisis general de los hechos, actos y daños no asegurados.— VII. ¿Debe haber relación causal entre lo no asegurado y el hecho siniestral?— VIII. Conclusiones.  t¿Te interesa el texto completo? Solicitalo al correo: koha@justierradelfuego.gov.ar 0aCODIGO CIVIL Y COMERCIAL 0aRESPONSABILIDAD CIVIL 0aLEY DE SEGUROS 0aSEGUROS 0aCOBERTURA DEL SEGURO 0aSINIESTRO 0aDEFENSA DEL CONSUMIDOR0 02713dCiudad Autónoma de Buenos Aires : Thomson Reuters La Ley, 2015-tRevista Código Civil y Comercial. Nº 6 - Diciembre 2025